[Event "I Carvalho Mem Masters"]
[Site "Maia POR"]
[Date "2003.06.24"]
[Round "2"]
[White "Spraggett,K"]
[Black "Movsziszian,K"]
[Result "0-1"]
[WhiteElo "2526"]
[BlackElo "2468"]

1.e4 g6 2.d4 Bg7 3.Nc3 d6 4.Be3 c6 5.Qd2 b5 6.Bd3 Nd7 7.Nf3 Qc7 8.O-O Ngf6
9.Rfe1 O-O 10.h3 e5 11.Bh6 Re8 12.Ne2 Bb7 13.Ng3 Bh8 14.c3 a6 15.Rad1 c5
16.d5 c4 17.Bc2 Nc5 18.Nh2 Bc8 19.Rf1 a5 20.f4 b4 21.Bg5 Qb6 22.Kh1 b3 23.axb3 cxb3
24.Bb1 Ba6 25.Rf3 h5 26.fxe5 dxe5 27.Qf2 Nfd7 28.Rxf7 Rf8 29.Rxf8+ Rxf8 30.Nf3 Na4
31.Be3 Qd6 32.Nf1 Ndb6 33.Bh6 Rf7 34.Ne3 Bf6 35.Rd2 Nc5 36.Qg3 Kh7 37.Bg5 Nbd7
38.Bxf6 Rxf6 39.Qh4 Rf4 40.Qd8 Qf6 41.Ng5+ Kh6 42.Qxf6 Rxf6 43.h4 Nb7 44.g3 Ndc5
45.Kg2 Nd6 46.Rd1 Kg7 47.Nf3 Be2 48.Nxe5 Bxd1 49.Nxd1 Ndxe4 50.Bxe4 Nxe4
51.c4 a4 52.Nd3 Ra6  0-1

[Event "2nd It"]
[Site "Grenoble FRA"]
[Date "2003.06.25"]
[Round "6"]
[White "Saez,F"]
[Black "Safranska,A"]
[Result "1/2-1/2"]
[WhiteElo "2281"]
[BlackElo "2337"]

1.e4 g6 2.d4 Bg7 3.Nc3 d6 4.Nf3 Nf6 5.Bf4 Nc6 6.Qd2 O-O 7.Bh6 e5 8.Bxg7 Kxg7
9.O-O-O Bg4 10.dxe5 dxe5 11.Qe3 Nd4 12.Nb5 Bxf3 13.gxf3 c5 14.c3 Qc8 15.f4 Nxb5
16.Bxb5 exf4 17.Qxf4 a6 18.Be2 Qe6 19.Rd6 Qe7 20.Bf3 Nd7 21.Rd5 Rfe8 22.Rhd1 Ne5
23.Bh1 Rac8 24.Qe3 Ng4 25.Qf4 Ne5 26.Qe3 Rc7 27.h3 b5 28.f4 Nc4 29.Qd3 Qh4
30.Rf1 Kg8 31.e5 Nb6 32.Rd6 c4 33.Qf3 Na4 34.Qg4 Qxg4 35.hxg4 Nc5 36.Kc2 Kg7
37.Rd5 a5 38.g5 h6 39.gxh6+ Kxh6 40.Bf3 b4 41.Be2 bxc3 42.bxc3 Rb8 43.Rh1+ Kg7
44.Rb1 Rh8 45.Bxc4 Ne6 46.f5 gxf5 47.Rg1+ Kf8 48.Bf1 Rh2+ 49.Rg2 Rh1 50.Rf2 a4
51.c4 f4 52.Kc3 Rb7 53.Rb5 Rd7 54.Rd5 Rb7 55.Rb5 Rd7  1/2-1/2

[Event "I Carvalho Mem Masters"]
[Site "Maia POR"]
[Date "2003.06.26"]
[Round "5"]
[White "Spraggett,K"]
[Black "Vassallo,M"]
[Result "1-0"]
[WhiteElo "2526"]
[BlackElo "2440"]

1.e4 g6 2.d4 Bg7 3.Nc3 d6 4.Be3 a6 5.Nf3 b5 6.Bd3 Nd7 7.e5 Bb7 8.e6 fxe6
9.Ng5 Nf8 10.O-O Nf6 11.Re1 Qd7 12.f3 h6 13.Nh3 b4 14.Ne2 g5 15.Ng3 Rg8 16.a3 Nd5
17.Bf2 a5 18.c4 bxc3 19.bxc3 Ba6 20.c4 Nf6 21.Rb1 Bh8 22.Rb2 Rd8 23.Rbe2 g4
24.Nf4 gxf3 25.Rxe6 Nxe6 26.Nxe6 Bc8 27.d5 c5 28.Bf5 Qb7 29.Qxf3 Bxe6 30.Bxe6 Rf8
31.Nf5 Qb2 32.Bg3 h5 33.h3 a4 34.Qf4 Rb8 35.Nxd6+ Kd8 36.Nf7+ Rxf7 37.Bxf7 Rb7
38.Qh6 Nd7 39.d6 Bf6 40.Qh8+  1-0

[Event "I Carvalho Mem Masters"]
[Site "Maia POR"]
[Date "2003.06.27"]
[Round "6"]
[White "Rocha,S"]
[Black "Movsziszian,K"]
[Result "1/2-1/2"]
[WhiteElo "2364"]
[BlackElo "2468"]

1.e4 g6 2.d4 Bg7 3.Nc3 d6 4.Nf3 a6 5.Be3 Nd7 6.Bd3 b5 7.O-O Bb7 8.h3 c5 9.a4 b4
10.Ne2 cxd4 11.Bxd4 e5 12.Be3 Ngf6 13.Ng3 O-O 14.Qd2 d5 15.Qxb4 Qc7 16.Bg5 Rab8
17.exd5 Bxd5 18.Qh4 a5 19.Bb5 Qxc2 20.Nxe5 Nxe5 21.Bxf6 Bxf6 22.Qxf6 Qxb2
23.Nh5 gxh5 24.Qg5+ Kh8 25.Qf6+ Kg8 26.Qg5+ Kh8  1/2-1/2

[Event "2nd Open"]
[Site "La Fere FRA"]
[Date "2003.06.29"]
[Round "2"]
[White "Michiels,B"]
[Black "Nevednichy,V"]
[Result "0-1"]
[WhiteElo "2302"]
[BlackElo "2569"]

1.e4 g6 2.d4 Bg7 3.Nc3 d6 4.Bg5 a6 5.f4 b5 6.a4 b4 7.Nd5 c6 8.Nxb4 a5 9.Na2 Qb6
10.e5 Qxb2 11.Bc4 Qb6 12.Nf3 d5 13.Rb1 Qa7 14.Bd3 Nh6 15.Bxh6 Bxh6 16.f5 gxf5
17.O-O e6 18.Qe1 Nd7 19.Qh4 Bg7 20.Rfe1 Nf8 21.Nc1 Ng6 22.Qg3 c5 23.c4 dxc4
24.Bxc4 cxd4 25.h4 Bh6 26.Nd3 Rg8 27.Rf1 Bd7 28.Bb5 Ne7 29.Qe1 Nd5 30.Bxd7+ Qxd7
31.Nc5 Qc6 32.Nb7 Kf8 33.Nxd4 Qxa4 34.Nxf5 exf5 35.Rxf5 Rxg2+ 36.Kh1 Qg4  0-1

[Event "ch-NED w"]
[Site "Leeuwarden NED"]
[Date "2003.06.29"]
[Round "5"]
[White "Hamelink,D"]
[Black "Bosboom Lanchava,T"]
[Result "1/2-1/2"]
[WhiteElo "2187"]
[BlackElo "2329"]

1.e4 g6 2.d4 Bg7 3.Nc3 d6 4.Be3 a6 5.Qd2 Nd7 6.h4 h5 7.Nh3 c6 8.Ng5 b5 9.a4 Bb7
10.Bd3 Ngf6 11.f3 O-O 12.O-O e5 13.axb5 exd4 14.Bxd4 axb5 15.Bf2 Ne5 16.Rfd1 Re8
17.Bf1 Bf8 18.b3 Nfd7 19.Ne2 Qc7 20.Nf4 Nc5 21.Nd3 Nexd3 22.Bxd3 Rxa1  1/2-1/2

[Event "I Carvalho Mem Masters"]
[Site "Maia POR"]
[Date "2003.06.29"]
[Round "8"]
[White "Fernandes,An"]
[Black "Movsziszian,K"]
[Result "1/2-1/2"]
[WhiteElo "2478"]
[BlackElo "2468"]

1.e4 g6 2.d4 Bg7 3.Nc3 d6 4.Nge2 Nf6 5.g3 O-O 6.Bg2 e5 7.h3 Nc6 8.Be3 exd4
9.Nxd4 Bd7 10.O-O Re8 11.Re1 a6 12.f4 Rb8 13.Qd3 Qc8 14.g4 h5 15.g5 Nh7 16.h4 Bh3
17.Bf3 Bg4 18.Bg2 Nb4 19.Qd2 c5 20.Nde2 b6 21.Rab1 Bh3 22.Bf3 d5 23.Nxd5 Nxd5
24.exd5 Bg4 25.Bg2 Bxe2 26.Rxe2 Qg4 27.Rbe1 Qxh4 28.Bf2 Rxe2 29.Rxe2 Qg4
30.d6 Nf8 31.Kh2 Ne6 32.d7 Rd8 33.Bh3 Qf3 34.Bg2 Qg4 35.Bh3 Qf3 36.Bg2 Qg4
37.Bh3  1/2-1/2

[Event "6th Open Vins du Mer"]
[Site "Naujac sur Mer FRA"]
[Date "2003.06.29"]
[Round "1"]
[White "Vreugdenhil,F"]
[Black "Wohl,A"]
[Result "0-1"]
[WhiteElo "2088"]
[BlackElo "2401"]

1.e4 g6 2.d4 Bg7 3.Nc3 d6 4.f4 a6 5.Nf3 b5 6.a3 Bb7 7.Be2 Nd7 8.O-O Ngf6
9.e5 Nd5 10.Nxd5 Bxd5 11.Be3 O-O 12.Rc1 dxe5 13.dxe5 Nb6 14.b3 f6 15.c4 bxc4
16.Bxb6 cxb6 17.Bxc4 Bxc4 18.Rxc4 b5 19.Rd4 Qb6 20.Kh1 fxe5 21.Rd7 exf4 22.Ng5 Rf5
23.h4 Bf6 24.Re1 Rf8 25.Re6 Qf2 26.Qg4 h5 27.Qf3 Qxh4+ 28.Nh3 Qg4 29.Rxa6 Qxf3
30.gxf3 Rc8 31.Nf2 Rc1+ 32.Kg2 Rg5+ 33.Kh2 Rc2  0-1

[Event "White Nights"]
[Site "St Petersburg RUS"]
[Date "2003.06.29"]
[Round "1"]
[White "Yagupov,I"]
[Black "Chepukaitis,G"]
[Result "1/2-1/2"]
[WhiteElo "2454"]
[BlackElo "2388"]

1.e4 g6 2.d4 Bg7 3.Nc3 d6 4.Be3 a6 5.Qd2 Nd7 6.O-O-O b5 7.f3 h6 8.g4 Bb7
9.d5 Ngf6 10.Nge2 c5 11.dxc6 Bxc6 12.Nd4 Bb7 13.a3 Rc8 14.h4 Ne5 15.Be2 Nfd7
16.h5 g5 17.Nf5 Bf6 18.Nd5 Bxd5 19.exd5 Nc5 20.Kb1 Na4 21.Bd4 e6 22.dxe6 fxe6
23.Bxe5 exf5 24.Qxd6 Qxd6 25.Rxd6 Bxe5 26.Re6+ Kd7 27.Rxe5 Rce8 28.Rd1+ Kc7
29.Rxe8 Rxe8 30.Rd2 f4 31.c4 bxc4 32.Bxc4 Re3 33.Bxa6 Rxf3 34.Bb5 Nc5 35.a4 Re3
36.Kc2 Re4 37.b3 f3 38.Rd5 Ne6 39.Kd3 Re1 40.Rd7+ Kc8 41.Kd2 f2 42.Re7 Kd8
43.Rd7+ Kc8 44.Re7 Kd8 45.Rf7 Nf4 46.a5 f1=Q 47.Bxf1 Rxf1 48.a6 Ra1 49.a7 Kc8
50.Rh7 Nd5 51.Rxh6 Rxa7 52.Rg6 Ra2+ 53.Ke1 Rh2  1/2-1/2

[Event "White Nights"]
[Site "St Petersburg RUS"]
[Date "2003.07.01"]
[Round "3"]
[White "Andreikin,D"]
[Black "Chepukaitis,G"]
[Result "1/2-1/2"]
[WhiteElo "2402"]
[BlackElo "2388"]

1.e4 g6 2.d4 Bg7 3.Nc3 d6 4.Be2 Nd7 5.Nf3 a6 6.a4 e6 7.Be3 Ne7 8.Qd2 h6 9.O-O b6
10.Rad1 Bb7 11.Bd3 g5 12.h4 g4 13.Nh2 Nc6 14.Ne2 Qxh4 15.b4 a5 16.c3 axb4
17.cxb4 Qd8 18.Rc1 h5 19.Bg5 Ne7 20.Qc2 Rc8 21.f4 f6 22.e5 O-O 23.exf6 Nxf6
24.Ng3 Qd7 25.f5 Bd5 26.Rfe1 Rf7 27.Nhf1 c6 28.Ne3 Qa7 29.fxe6 Bxe6 30.Nef5 Nxf5
31.Nxf5 Qd7 32.Rf1 Nd5 33.Nxg7 Rxf1+ 34.Rxf1 Qxg7 35.Qd2 Rf8 36.Rxf8+ Qxf8
37.a5 g3 38.Bh6 Qf6 39.Qg5+ Qxg5 40.Bxg5 Nxb4 41.axb6 Bc8 42.Be4 Kf7 43.Bd2 Nd5
44.Bxd5+ cxd5 45.Bf4 Ke6 46.Bxg3 Kd7 47.Bh4 Kc6 48.Bd8 Bf5 49.Kf2 Be4  1/2-1/2

[Event "ch-SWE"]
[Site "Umea SWE"]
[Date "2003.07.01"]
[Round "3"]
[White "Berg,E"]
[Black "Hillarp Persson,T"]
[Result "0-1"]
[WhiteElo "2514"]
[BlackElo "2474"]

1.e4 g6 2.Nc3 Bg7 3.d4 d6 4.Be3 a6 5.h4 h5 6.Qd2 b5 7.Nh3 Nf6 8.f3 Nbd7 9.O-O-O Bb7
10.Ng5 O-O 11.Qf2 b4 12.Ne2 c5 13.dxc5 Qa5 14.Kb1 dxc5 15.g4 Ne5 16.Nf4 Rfd8
17.Rc1 c4 18.gxh5 c3 19.hxg6 cxb2 20.gxf7+ Nxf7 21.Nge6 b3 22.cxb3 bxc1=Q+
23.Bxc1 Nxe4 24.Qg2 Nfg5 25.Nxg7 Rd2 26.Bc4+ e6 27.Bxd2 Nxd2+ 28.Kc2 Nxc4
29.bxc4 Qxa2+ 30.Kc3 Qa3+ 31.Kc2 Bxf3 32.Qxg5 Kf7 33.Ngxe6 Qa4+ 34.Kc3 Qa3+
35.Kd2 Qd6+ 36.Kc3 Rg8 37.Qf5+  0-1

[Event "6th Open Vins du Mer"]
[Site "Naujac sur Mer FRA"]
[Date "2003.07.02"]
[Round "5"]
[White "Seret,JL"]
[Black "Wohl,A"]
[Result "0-1"]
[WhiteElo "2306"]
[BlackElo "2401"]

1.e4 g6 2.d4 Bg7 3.Nc3 d6 4.Nge2 a6 5.g3 b5 6.Bg2 Bb7 7.O-O Nd7 8.Be3 b4
9.Nd5 a5 10.a3 e6 11.Ndf4 Ne7 12.axb4 axb4 13.Qd2 Rb8 14.Nd3 b3 15.c3 Nb6
16.Bh6 Nc4 17.Qc1 O-O 18.Ra4 Ra8 19.Bxg7 Kxg7 20.Rxc4 Ba6 21.Rb4 Bxd3 22.Qd2 Bc2
23.Nc1 Nc6 24.Rc4 Na5 25.Rb4 c5 26.dxc5 dxc5 27.Qxd8 Rfxd8 28.Rb5 Nc4 29.Nxb3 Bxb3
30.Rxb3 Nd2 31.Rb5 Nxf1 32.Bxf1 Rd2 33.Rxc5 Rxb2 34.Rb5 Rc2 35.c4 Ra1  0-1

[Event "White Nights"]
[Site "St Petersburg RUS"]
[Date "2003.07.02"]
[Round "4"]
[White "Andreikin,D"]
[Black "Utkin,Alek"]
[Result "1-0"]
[WhiteElo "2402"]
[BlackElo "2334"]

1.e4 g6 2.d4 Bg7 3.Nc3 d6 4.h3 c6 5.Nf3 Nf6 6.a4 a5 7.Be2 O-O 8.O-O Na6 9.Be3 Nb4
10.Nd2 e5 11.Nc4 Be6 12.dxe5 Bxc4 13.exf6 Bxe2 14.Nxe2 Bxf6 15.c3 Na6 16.Ng3 Qc7
17.Qg4 Bg7 18.f4 Nc5 19.f5 Nd7 20.Bd4 Ne5 21.Qh4 f6 22.fxg6 hxg6 23.Bxe5 dxe5
24.Qg4 Kh7 25.h4 Bh6 26.Rad1 Qg7 27.Rd7 Rf7 28.Rxf7 Qxf7 29.Rd1 Re8 30.h5 Re7
31.Rd8 Qg7 32.Nf5 gxh5 33.Qxh5  1-0

[Event "2nd Open"]
[Site "La Fere FRA"]
[Date "2003.07.03"]
[Round "8"]
[White "Van der Weide,K"]
[Black "Shchekachev,A"]
[Result "1/2-1/2"]
[WhiteElo "2388"]
[BlackElo "2592"]

1.e4 g6 2.d4 Bg7 3.Nc3 d6 4.f4 a6 5.Nf3 b5 6.Bd3 Nd7 7.O-O c5 8.e5 cxd4 9.Be4 Rb8
10.Nxd4 dxe5 11.Nc6 Qb6+ 12.Kh1 Ngf6 13.Nxb8 Qxb8 14.fxe5 Nxe4 15.Nxe4 Qxe5
16.Ng5 O-O 17.c3 Nb6 18.Bf4 Qc5 19.Qe2 Nd5 20.Bd2 h6 21.Nf3 e5 22.a4 Re8
23.axb5 axb5 24.Ra5 Bd7 25.b4 Qc6 26.c4 bxc4 27.Rc5 Qd6 28.Qxc4 Nb6 29.Qc1 Nd5
30.Bxh6 Nxb4 31.Bxg7 Kxg7 32.Qc4 Qd3 33.Nxe5 Qxc4 34.Nxc4 Be6 35.Ne5 Nd5
36.Kg1 Ra8 37.Rd1 Nf6 38.Rc7 Ra2 39.h3 Nd5 40.Rxf7+ Bxf7 41.Nxf7 Ne3 42.Re1 Nxg2
43.Rf1 Ne3 44.Rf3  1/2-1/2

[Event "4th Open"]
[Site "Marseille FRA"]
[Date "2003.07.03"]
[Round "8"]
[White "Lenfant,F"]
[Black "Safranska,A"]
[Result "0-1"]
[WhiteElo "2106"]
[BlackElo "2337"]

1.d4 g6 2.Nc3 Bg7 3.e4 d6 4.Be3 a6 5.Qd2 b5 6.Bd3 Bb7 7.Nf3 Nd7 8.Ne2 Ngf6
9.Ng3 Ng4 10.a4 Nxe3 11.fxe3 c6 12.O-O O-O 13.c3 e5 14.Ra2 Bh6 15.Qe2 Qe7
16.Rfa1 Nb6 17.b3 Qc7 18.Nf1 bxa4 19.bxa4 a5 20.Rb1 Nd7 21.Rab2 Bc8 22.N1d2 Re8
23.Qf2 Nf8 24.Kh1 Ra7 25.Nc4 Bg7 26.Qf1 h6 27.h3 Be6 28.Ncd2 Nd7 29.Qd1 d5
30.Qc2 dxe4 31.Nxe4 f5 32.Nh4 fxe4 33.Bxe4 Nf8 34.Nxg6 Nxg6 35.Bxg6 Rf8 36.Bh7+ Kh8
37.Bd3 Qd6 38.Rb6 Raf7 39.Bb5 Bd7 40.Bc4 Rf2  0-1

[Event "ch-SWE"]
[Site "Umea SWE"]
[Date "2003.07.03"]
[Round "5"]
[White "Lindberg,Be"]
[Black "Hillarp Persson,T"]
[Result "1-0"]
[WhiteElo "2392"]
[BlackElo "2474"]

1.e4 g6 2.d4 Bg7 3.Nc3 d6 4.Be3 a6 5.f4 b5 6.Bd3 Bb7 7.Nf3 Nd7 8.Qe2 Rc8
9.e5 c5 10.Be4 Bxe4 11.Nxe4 cxd4 12.Bxd4 d5 13.e6 Bxd4 14.exf7+ Kxf7 15.Nfg5+ Kf8
16.Ne6+ Ke8 17.Nxd8 Bxb2 18.Rb1 dxe4 19.Rxb2 Rxd8 20.Qxe4 Ngf6 21.Qc6 Kf7
22.Qxa6 Rb8 23.O-O Rhc8 24.Re1 Nc5 25.Qa3 Nce4 26.Rb4 Nd6 27.Rd4 Nf5 28.Qb3+ Kf8
29.Rb4 Rc5 30.a4 Nd6 31.Re5 Nd7 32.Rxc5 Nxc5 33.Qc3  1-0

[Event "6th Open Vins du Mer"]
[Site "Naujac sur Mer FRA"]
[Date "2003.07.04"]
[Round "7"]
[White "Pilgaard,K"]
[Black "Wohl,A"]
[Result "0-1"]
[WhiteElo "2440"]
[BlackElo "2401"]

1.e4 g6 2.d4 Bg7 3.Nc3 d6 4.Be2 a6 5.f4 Nd7 6.Be3 b5 7.e5 Nb6 8.Bf3 Rb8 9.Bf2 Nh6
10.Qe2 O-O 11.O-O-O b4 12.Nd5 Nxd5 13.Bxd5 c6 14.Bxc6 Qa5 15.Qc4 Ng4 16.Nh3 dxe5
17.dxe5 Be6 18.Bd5 Bf5 19.Qe2 Rfc8 20.Bb3 Bxc2 21.Bxc2 Nxf2 22.Nxf2 Qxa2
23.b3 Qa1+ 24.Kd2 Qc3+ 25.Kc1 Qxb3 26.Rd8+ Bf8 27.Rxc8 Rxc8 28.Kd1 Rd8+ 29.Nd3 Qa2
30.Ke1 b3 31.Bd1 Qb1 32.Nb2 e6 33.Nc4 b2 34.Nxb2 Bb4+ 35.Kf1 Rd2 36.Qxa6 Qxb2  0-1

[Event "32nd TCh-GRE"]
[Site "Kallithea Chalkidiki GRE"]
[Date "2003.07.06"]
[Round "3"]
[White "Pambalou,F"]
[Black "Paehtz,E"]
[Result "0-1"]
[WhiteElo "2046"]
[BlackElo "2417"]

1.e4 g6 2.d4 Bg7 3.Nc3 d6 4.g3 Nf6 5.Bg2 Nc6 6.Nge2 e5 7.h3 O-O 8.Be3 Re8
9.O-O exd4 10.Nxd4 Bd7 11.f4 Qe7 12.Qd2 Nxd4 13.Bxd4 c5 14.Bf2 Bc6 15.Rfe1 Rad8
16.Qd1 b6 17.Qd3 Qb7 18.Kh2 b5 19.Nd5 Nxd5 20.exd5 Bd7 21.c3 b4 22.Qd2 bxc3
23.bxc3 Qa6 24.Rab1 Qc4 25.Rb3 Rxe1 26.Bxe1 Bb5 27.Rb2 Re8 28.Rc2 Bf6 29.Kg1 Kg7
30.g4 Rxe1+ 31.Qxe1 Qxf4 32.Qf2 Qe5 33.h4 h6 34.Bf3 Bd3 35.Rc1 Bxh4 36.Qd2 Bg5
37.Qe1 Bxc1 38.Qxc1 Qg3+ 39.Bg2 Be4  0-1

[Event "32nd TCh-GRE"]
[Site "Kallithea Chalkidiki GRE"]
[Date "2003.07.06"]
[Round "3"]
[White "Miladinovic,I"]
[Black "Polzin,R"]
[Result "1-0"]
[WhiteElo "2609"]
[BlackElo "2464"]

1.d4 g6 2.e4 Bg7 3.Nc3 d6 4.Be3 a6 5.Qd2 Nd7 6.h4 h6 7.O-O-O b5 8.h5 g5 9.f4 gxf4
10.Bxf4 Bb7 11.Nf3 b4 12.Nd5 a5 13.Bd3 Bxd5 14.exd5 Ngf6 15.Nh4 Nxd5 16.Nf5 Bf6
17.Bxh6 e6 18.Ng7+ Ke7 19.Bg5 Qg8 20.h6 Rxh6 21.Nf5+ exf5 22.Rde1+ Kd8 23.Bxh6 Qg4
24.Bb5 Rb8 25.Bg5 c6 26.Bxf6+ N7xf6 27.Bxc6 Ne4 28.Rxe4  1-0

[Event "32nd TCh-GRE"]
[Site "Kallithea Chalkidiki GRE"]
[Date "2003.07.07"]
[Round "4"]
[White "Ziogas,P"]
[Black "Kotrotsos,V"]
[Result "0-1"]
[WhiteElo "2133"]
[BlackElo "2225"]

1.e4 d6 2.d4 g6 3.Nc3 Bg7 4.Be3 a6 5.Qd2 Nd7 6.f3 b5 7.a4 b4 8.Nd1 Rb8 9.c3 bxc3
10.bxc3 c5 11.Bd3 Qa5 12.Ne2 Ngf6 13.O-O O-O 14.d5 Ne5 15.Nf2 Bd7 16.Bg5 Rb3
17.Bc2 Rb2 18.Nd1 Rb7 19.Ne3 c4 20.h3 Qc5 21.f4 Nd3 22.Bxd3 cxd3 23.Qxd3 Rb2
24.Kh1 Nxe4 25.Qxe4 Rxe2 26.Rfe1 Rxe1+ 27.Rxe1 Qxc3 28.Nd1 Qd4 29.Qxe7 Bxa4
30.Ne3 h6 31.Qxd6 hxg5 32.fxg5 Re8 33.Qxa6 Rxe3 34.Rxe3 Qxe3 35.Qxa4 Qe1+  0-1

[Event "25th Open"]
[Site "Oberwart AUT"]
[Date "2003.07.07"]
[Round "3"]
[White "Navara,D"]
[Black "Unger,E"]
[Result "1-0"]
[WhiteElo "2608"]
[BlackElo "2064"]

1.e4 g6 2.d4 Bg7 3.Nc3 d6 4.Be3 Nf6 5.Qd2 Ng4 6.Bg5 O-O 7.f3 Nf6 8.O-O-O c6
9.Bh6 Qa5 10.h4 Nh5 11.Nge2 e5 12.Bxg7 Kxg7 13.g4 Nf6 14.h5 exd4 15.Nxd4 g5
16.Nf5+ Bxf5 17.Qxg5+ Kh8 18.Qxf6+ Kg8 19.gxf5 Qc5 20.Bc4  1-0

[Event "26th Open"]
[Site "Barbera del Valles ESP"]
[Date "2003.07.08"]
[Round "4"]
[White "Barrientos,S"]
[Black "Vassallo,M"]
[Result "1/2-1/2"]
[WhiteElo "2245"]
[BlackElo "2396"]

1.e4 g6 2.d4 Bg7 3.Nc3 d6 4.Be3 a6 5.Bc4 b5 6.Bb3 Bb7 7.Qd2 Nd7 8.d5 Ngf6
9.f3 c5 10.dxc6 Bxc6 11.Nge2 Rc8 12.Nd4 O-O 13.h4 h5 14.g4 Nc5 15.Bh6 b4
16.Nce2 Bd7 17.Bxg7 Kxg7 18.gxh5 Nxh5 19.Nf5+ Bxf5 20.exf5 Nxb3 21.axb3 Rc5
22.fxg6 fxg6 23.O-O-O Qc8 24.Kb1 Rxf3 25.Qxb4 a5 26.Qe4 Rf7 27.Nd4 e5 28.Rhg1 Rf6
29.Ne2 Qc6 30.Qg4 Kh7 31.c4 Qc8 32.Qxc8 Rxc8 33.Nc3 Rb8 34.Ka2 Ng7 35.Ne4 Rf4
36.Ng5+ Kh8 37.Rxd6 a4 38.bxa4 Rxc4 39.Rxg6 Rxa4+ 40.Kb1 Rb7 41.h5 Nf5 42.Rf6 Rba7
43.Kc2 Ne3+ 44.Kb3 Rb4+ 45.Kxb4 Nd5+ 46.Kc5 Nxf6 47.b4 Rc7+ 48.Kd6 Rb7 49.h6 Ng8
50.h7 Nf6 51.Ke6 Rb6+ 52.Kf5 e4 53.Rh1 Nxh7 54.Nxh7 Kg7 55.Ng5 Rxb4 56.Ne6+ Kg8
57.Rg1+ Kh7 58.Rh1+ Kg8 59.Kg6 Rb6 60.Kf6 e3 61.Rg1+ Kh8 62.Rg3 Rb3 63.Kf7 Rb7+
64.Kg6 e2 65.Re3 Rb2 66.Ng5 Rb6+ 67.Ne6 Rb2 68.Ra3 Rb8 69.Re3 Rb2  1/2-1/2

[Event "32nd TCh-GRE"]
[Site "Kallithea Chalkidiki GRE"]
[Date "2003.07.08"]
[Round "5"]
[White "Karapanos,N"]
[Black "Zysk,R"]
[Result "0-1"]
[WhiteElo "2243"]
[BlackElo "2436"]

1.e4 g6 2.d4 Bg7 3.Nc3 d6 4.Nf3 a6 5.a4 b6 6.Bg5 Bb7 7.Be2 Nd7 8.O-O h6 9.Bh4 g5
10.Bg3 e6 11.Ne1 Ngf6 12.e5 dxe5 13.dxe5 Ne4 14.Nxe4 Bxe4 15.Qd4 Bb7 16.Rd1 Nc5
17.Qe3 Qe7 18.a5 O-O 19.axb6 cxb6 20.Bf3 Rad8 21.Rd6 Qc7 22.Bxb7 Qxb7 23.b4 Rxd6
24.exd6 Ne4 25.Nf3 Rd8 26.Rd1 b5 27.h4 g4 28.Ne5 Rxd6 29.Rxd6 Nxd6 30.Nxg4 Nf5
31.Qd3 h5 32.Ne3 Nxg3 33.fxg3 Qc7 34.Kh2 Be5 35.Nd1 Qd6 36.Qf3 Qxb4 37.Qxh5 Qd4
38.c3 Qd5 39.Qg4+ Kf8 40.Ne3 Qd7 41.Qg5 Bxc3 42.h5 b4 43.h6 b3  0-1

[Event "Open"]
[Site "Montpellier FRA"]
[Date "2003.07.08"]
[Round "2"]
[White "Ionescu,D"]
[Black "Dussol,P"]
[Result "1-0"]
[WhiteElo "2406"]
[BlackElo "2222"]

1.e4 g6 2.d4 Bg7 3.Nc3 d6 4.f4 Nc6 5.Be3 d5 6.e5 h5 7.Nf3 Bg4 8.h3 Bxf3 9.Qxf3 e6
10.g3 Nge7 11.O-O-O Qd7 12.Bd3 O-O-O 13.Bf2 f6 14.Rhe1 fxe5 15.dxe5 Rdf8
16.Nb5 a6 17.Na7+ Nxa7 18.Bxa7 g5 19.Kb1 gxf4 20.gxf4 Bh6 21.Qxh5 Bxf4 22.Qg4 Rhg8
23.Qe2 Rg5 24.Rf1 Nc6 25.Bc5 Rf7 26.Bxa6 Rxe5 27.Bxb7+ Kxb7 28.Qb5+ Kc8 29.Qa6+ Kd8
30.Qa8+ Nb8 31.Qxb8+ Qc8 32.Qb4 Ref5 33.Rg1 Kd7 34.c4 c6 35.Qa4 Qb7 36.Rd3 Be5
37.Rb3 Rf1+ 38.Rxf1 Rxf1+ 39.Kc2 Qc8 40.cxd5 Rf4 41.Qa7+ Bc7 42.d6 Rc4+ 43.Rc3 Rxc5
44.Qxc5  1-0

[Event "32nd TCh-GRE"]
[Site "Kallithea Chalkidiki GRE"]
[Date "2003.07.09"]
[Round "7"]
[White "Tzermiadianos,And"]
[Black "Tsorbatzoglou,T"]
[Result "1-0"]
[WhiteElo "2418"]
[BlackElo "2255"]

1.e4 g6 2.d4 Bg7 3.Nc3 d6 4.f4 c6 5.Nf3 Nf6 6.Bd3 O-O 7.O-O b5 8.e5 Ne8 9.Qe1 f5
10.exf6 exf6 11.f5 g5 12.d5 b4 13.Nd1 c5 14.a3 a5 15.axb4 cxb4 16.Nd4 Rf7
17.Ne6 Qe7 18.Ne3 Bb7 19.Bd2 Nd7 20.c4 Ne5 21.Be2 Qd7 22.h4 h6 23.Bh5 Re7
24.Bxe8 Rexe8 25.Qe2 Qf7 26.hxg5 hxg5 27.Kf2 Ra6 28.Rh1 Bc8 29.g4 Bxe6 30.fxe6 Qa7
31.Kg3 Qd4 32.Nf5 Qxb2 33.Qh2 Qb3+ 34.Be3 Ra7 35.Qh7+  1-0

[Event "32nd TCh-GRE"]
[Site "Kallithea Chalkidiki GRE"]
[Date "2003.07.09"]
[Round "7"]
[White "Solak,D"]
[Black "Petrov,Marij"]
[Result "1/2-1/2"]
[WhiteElo "2521"]
[BlackElo "2475"]

1.d4 g6 2.e4 Bg7 3.Nc3 d6 4.f4 a6 5.Be3 b5 6.Be2 b4 7.Nb1 c5 8.c3 bxc3 9.bxc3 cxd4
10.cxd4 Nf6 11.Bf3 d5 12.e5 Ne4 13.Bxe4 dxe4 14.Nc3 O-O 15.Nge2 Nc6 16.O-O Bg4
17.Nxe4 Nxd4 18.Bxd4 Bxe2  1/2-1/2

[Event "13th S&WYM"]
[Site "Millfield School ENG"]
[Date "2003.07.09"]
[Round "1"]
[White "Sinkevich,P"]
[Black "Mah,K"]
[Result "0-1"]
[WhiteElo "2313"]
[BlackElo "2418"]

1.e4 d6 2.d4 g6 3.Nc3 Bg7 4.Be3 a6 5.Qd2 Nd7 6.Nf3 b5 7.h3 Bb7 8.a3 c5 9.d5 Qc7
10.Bd3 Ngf6 11.Bh6 O-O 12.O-O e6 13.dxe6 fxe6 14.Rfe1 Ne5 15.Nxe5 dxe5 16.Bg5 Rad8
17.Qe3 Rd4 18.Bxf6 Bxf6 19.Qg3 Qe7 20.Qg4 c4 21.Bf1 Rd2 22.Re2 Rfd8 23.Rae1 R2d4
24.g3 Bg5 25.h4 Bd2 26.Ra1 Qf6 27.Bh3 Kf7 28.h5 Ke7 29.Rf1 gxh5 30.Qxh5 Qg6
31.Qh4+ Bg5 32.Qg4 h5 33.Qf3 Rf8 34.Qg2 Bd2 35.f3 Rg8 36.Kh1 Qxg3 37.Rg1 Bf4
38.Qxg3 Rxg3 39.Rxg3 Bxg3 40.Rg2 h4 41.Ne2 Rd1+ 42.Rg1 Rxg1+ 43.Kxg1 Be1
44.Kf1 Bd2 45.Kf2 Bc6 46.Bg4 a5 47.c3 Be8 48.Kg2 Kd6 49.Kf2 Bd7 50.Bh3 Kc5
51.Bf1 b4 52.axb4+ axb4 53.Kg2 Kb5 54.Kh3 Ka4 55.Kxh4 Kb3 56.cxb4 Kxb2 57.b5 Bxb5
58.Kg4 c3 59.Nxc3 Bxf1 60.Na4+ Kc2 61.Nc5 Bc4 62.Nd7 Bf4 63.Nf6 Kd2  0-1

[Event "Women's"]
[Site "Saint Lo FRA"]
[Date "2003.07.09"]
[Round "1"]
[White "Huisman,C"]
[Black "Mihajlovskij,S"]
[Result "0-1"]
[WhiteElo "1999"]
[BlackElo "2411"]

1.e4 g6 2.d4 Bg7 3.Nc3 d6 4.Be3 c6 5.Qd2 b5 6.Bd3 Nd7 7.Nf3 Nb6 8.O-O Bg4
9.Ne1 Nf6 10.h3 Bc8 11.Nf3 O-O 12.Bh6 Qc7 13.Ne2 e5 14.Ng3 Ne8 15.Bxg7 Nxg7
16.dxe5 dxe5 17.Qc3 f6 18.Bxb5 c5 19.Nd2 Rd8 20.Ne2 Ne6 21.Nc4 Kg7 22.Nxb6 axb6
23.a4 Nd4 24.Nxd4 Rxd4 25.f3 Be6 26.Rfd1 Qd6 27.Rxd4 exd4 28.Qd2 g5 29.b3 Qg3
30.Qf2 Qe5 31.Rd1 h5 32.Re1 Kf7 33.Qe2 Ke7 34.Bc4 Bd7 35.Bb5 Bc8 36.f4 gxf4
37.Qc4 Be6 38.Qd3 Rg8 39.Rf1 Rg3 40.Rf3 Qg5 41.Rxg3 fxg3 42.Qf3 h4 43.Bd3 Qc1+
44.Qf1 Qd2 45.Qe2 Qxe2 46.Bxe2 Kd6 47.Kf1 Ke5 48.Bf3 Bc8 49.Ke2 Bb7 50.Kd2 f5  0-1

[Event "11th Fair Play Trophy"]
[Site "Techirghiol ROM"]
[Date "2003.07.10"]
[Round "10"]
[White "Florescu,C"]
[Black "Ciornei,D"]
[Result "1-0"]
[WhiteElo "2416"]
[BlackElo "2216"]

1.d4 g6 2.e4 Bg7 3.Nc3 d6 4.Bg5 c5 5.d5 a6 6.a4 Qa5 7.Bd2 Qc7 8.h3 Nf6 9.Nf3 O-O
10.Bc4 Nbd7 11.O-O b6 12.Re1 Ne5 13.Nxe5 dxe5 14.Bg5 h6 15.Bh4 g5 16.Bg3 Ne8
17.Be2 Nd6 18.Bg4 Bb7 19.h4 b5 20.hxg5 hxg5 21.Qc1 b4 22.Nd1 Bf6 23.f3 Kh7
24.Nf2 c4 25.Nh3 Rg8 26.Bf2 Rg6 27.Be3 Rag8 28.Kf2 R8g7 29.Rh1 Kg8 30.c3 b3
31.Ke2 Bc8 32.Nf2 Bxg4 33.Nxg4 Kf8 34.Qe1 a5 35.Qg3 Nb7 36.Qf2 Qc8 37.Rh5 Nd6
38.Qg3 Ke8 39.Bb6 Qa6 40.Bc5 Qc8 41.Bxd6  1-0

[Event "26th Open"]
[Site "Barbera del Valles ESP"]
[Date "2003.07.11"]
[Round "7"]
[White "Rahal,M"]
[Black "Vassallo,M"]
[Result "1-0"]
[WhiteElo "2401"]
[BlackElo "2396"]

1.e4 g6 2.d4 Bg7 3.Nc3 d6 4.f4 a6 5.Nf3 b5 6.Bd3 Nd7 7.e5 Nh6 8.a4 b4 9.Ne4 Bb7
10.O-O c5 11.e6 fxe6 12.Neg5 Nf8 13.dxc5 dxc5 14.Qe2 Qb6 15.a5 Qd6 16.Be3 Nf5
17.Ne4 Bxe4 18.Bxe4 Ra7 19.Rad1 Qc7 20.Bxf5 exf5 21.Qc4 Qc6 22.Rfe1 Rc7 23.Ng5 e5
24.fxe5 Qb5 25.Qd5 Rd7 26.Qa8+ Ke7 27.e6 Nxe6 28.Rxd7+ Qxd7 29.Qxa6 Rc8 30.Nxe6 Rc6
31.Bg5+  1-0

[Event "13th S&WYM"]
[Site "Millfield School ENG"]
[Date "2003.07.11"]
[Round "3"]
[White "Haslinger,S"]
[Black "Mah,K"]
[Result "0-1"]
[WhiteElo "2414"]
[BlackElo "2418"]

1.e4 d6 2.d4 g6 3.Nc3 Bg7 4.Be3 Nd7 5.Nf3 a6 6.a4 b6 7.Bc4 e6 8.Qd2 h6 9.h3 Bb7
10.d5 e5 11.g4 Ne7 12.Qe2 O-O 13.Qd2 Kh7 14.h4 f5 15.gxf5 gxf5 16.exf5 Nxf5
17.Bd3 Nc5 18.O-O-O Nxd3+ 19.Qxd3 Kh8 20.Ne4 Qd7 21.Bd2 Qxa4 22.Kb1 Nd4 23.Nxd4 Qxd4
24.Bxh6 Bxh6 25.Qe2 Qa4 26.Ng5 Qe8 27.Ne6 Rf7 28.Rhg1 Bxd5 29.Ng5 Bxg5 30.Qh5+ Rh7
31.Qxg5 Qf7 32.Rxd5 Rg8 33.Qxg8+ Qxg8 34.Rxg8+ Kxg8 35.Rd3 Rxh4 36.Rg3+ Kf8
37.Rc3 Rh7 38.Kc1 Ke8 39.Kd2 a5 40.Ke2 Kd7 41.Rg3 Rh4 42.b3 Rf4 43.Rg8 Kc6
44.Rb8 Kc5 45.Rc8 c6 46.Ra8 d5 47.Re8 e4 48.Ra8 Rf6 49.Rb8 b5 50.Ra8 Kb4
51.Ra6 Kc3 52.Kd1 Rh6 53.Rb6 d4  0-1

[Event "ch-SWE"]
[Site "Umea SWE"]
[Date "2003.07.11"]
[Round "12"]
[White "Ernst,T"]
[Black "Hillarp Persson,T"]
[Result "1/2-1/2"]
[WhiteElo "2442"]
[BlackElo "2474"]

1.e4 g6 2.d4 Bg7 3.Nc3 d6 4.Be3 a6 5.f4 b5 6.Nf3 Bb7 7.Bd3 Nd7 8.Qe2 Ngf6
9.e5 Nd5 10.Nxd5 Bxd5 11.O-O O-O 12.Ng5 e6 13.a3 Qe7 14.Rae1 f5 15.c4 bxc4
16.Bxc4 Nb6 17.Bxa6 Rxa6 18.Qxa6 Bc4 19.Qa5 Bxf1 20.Rxf1 Nd5 21.Bc1 Qd7 22.Re1 dxe5
23.dxe5 Bh6  1/2-1/2